Countries without the letters in “HOLY FUCK” - Statistics

General Stats
  • This quiz has been taken 15 times
  • The average score is 9 of 23
Answer Stats
Country % Correct
Argentina
67%
Qatar
67%
Spain
67%
Sweden
67%
Japan
60%
Benin
47%
Eswatini
40%
Zambia
40%
Armenia
33%
Azerbaijan
33%
Iran
33%
Niger
33%
Nigeria
33%
Panama
33%
Zimbabwe
33%
Grenada
27%
Serbia
27%
Taiwan
27%
Vietnam
27%
Eritrea
20%
Namibia
20%
Tanzania
20%
Rwanda
7%
No matching quizzes found
Score Distribution
Percent of People with Each Score
Percentile by Number Answered
Your Score History
You have not taken this quiz